=LDR 00000nam 2200000 4500 =001 INLIS000000000048972 =005 20170117132926.0 =006 =007 =008 =020 ##$$a 9789790259867 =035 ##$$0010-011700000000253 =082 ##$$a 028.5 =090 ##$$a 028.5 Rat a =100 ##$$a Ratnasari, Nurma =245 ##$$a Alhamdulillah =260 ##$$a Bandung $b Oasis =300 ##$$a 24 hlm $b ilus $c 20 cm =850 ##$$a NBPDMAT =990 ##$$a 21601479/BPAP-NTB/2017